Statistiques concernant Les îles les plus peuplées de Méditerranée

Cliquez ici pour prendre le quiz!

Statistiques générales

  • Ce quiz a été pris 149 fois
  • Le résultat moyen est 7 sur 10

Statistiques - réponses

PopulationÎles (Island)% Correct
338 554Corse
100%
1 102 677Chypre
98%
1 649 412Sardaigne
96%
457 267Malte
94%
5 032 818Sicile
94%
621 340Crète
84%
873 414Majorque
77%
132 637Ibiza
69%
163 726Djerba
18%
218 032Eubée
17%

Distribution des résultats

Percentile par nombre de réponses

% des personnes avec chaque résultat

Votre développement - résultats

Vous n’avez pas pris ce quiz